[Event "AUT-chT U18 rapid"]
[Site "Vienna"]
[Date "2023.10.29"]
[Round "5.8"]
[White "Brezlan, Noel"]
[Black "Haslinger, Stella Valentina"]
[Result "0-1"]
[WhiteElo "842"]
[BlackElo "984"]
[PlyCount "58"]
[EventDate "2023.10.29"]
[EventType "team-swiss"]
[EventRounds "7"]
[EventCountry "AUT"]
[SourceTitle "Mega2024 Update 01"]
[Source "Chessbase"]
[SourceDate "2023.11.12"]
[SourceVersion "1"]
[SourceVersionDate "2023.11.12"]
[SourceQuality "1"]
[WhiteTeam "Vienna U18"]
[BlackTeam "Oberoesterreich U18"]
[WhiteTeamCountry "AUT"]
[BlackTeamCountry "AUT"]

1. e4 e5 2. Nf3 Nc6 3. Bc4 Bc5 4. Nc3 Nf6 5. d3 d6 6. Ng5 0-0 7. 0-0 Nd4 8. Nd5 Nxd5 9. Bxd5 c6 10. Bc4 d5 11. exd5 cxd5 12. Bb5 Nxb5 13. Qh5 h6 14. Nf3 Re8 15. Qh4 Qxh4 16. Nxh4 Nd4 17. Be3 b6 18. Bxd4 Bxd4 19. c3 Bc5 20. b4 Bd6 21. Nf5 Bxf5 22. Rad1 d4 23. cxd4 exd4 24. a3 a5 25. bxa5 Rxa5 26. Rfe1 Rxe1+ 27. Rxe1 Rxa3 28. Re8+ Kh7 29. Rd8 Ra1# 0-1